000
00338 a2200157 4500
001
58894
020
_a
8532230121
040
_c
Anchieta - Pituba
100
_a
Ferreira, José Roberto Martins
240
1
0
_a
História 6
_l
por
245
1
0
_a
História 6
300
_a
223
362
0
_a
1997
650
4
_a
História do mundo
942
_c
BK
999
_c
58894
_d
58894